| 000 | 00431nam a22001457a 4500 | ||
|---|---|---|---|
| 020 | _qPB. | ||
| 040 | _cFIZZA ISHAQ | ||
| 082 |
_a540.76 _bJOS |
||
| 100 |
_a Mascetta, Joseph A. _999904 |
||
| 245 |
_a Chemistry : the easy way / _c Joseph A , Mascetta. |
||
| 250 | _aillustrated. | ||
| 260 |
_aNEW YORK _bBarrons Educational Series, INC _c1983. |
||
| 300 |
_aIncludes index 350 P. ; _c27.3 X 19.7 X 1.4 X 1.4 cm |
||
| 942 |
_2ddc _cBK |
||
| 999 |
_c615428 _d615428 |
||